| 000 | 00817nam a22001337a 4500 | ||
|---|---|---|---|
| 040 | _cRUA | ||
| 082 | _aAVM SEM 2016 B654 Or.1 | ||
| 100 | _a SEM OUDAM សេម ឧត្តម | ||
| 245 | _aSURVEY ON DISEASES OF FATTENING PIGS AT CP FARM IN PHNOM SROCH DISTRICT, KAMPONG SPEU PROVINCE ការអង្កេតជំងឺដែលជួបប្រទះលើជ្រូកសាច់ចាប់ពីទម្ងន់៣០គីឡូ ដល់លក់នៅក្នុងកសិដ្ឋាន ស៊ីភី ស្តិតនៅស្រុកភ្នំស្រួច ខេត្តកំពង់ស្ពឺ | ||
| 260 |
_aRUA _bPhnom penh _c2016 |
||
| 300 |
_ax;36p _bill; _c29cm |
||
| 856 | _uhttps://drive.google.com/file/d/1yNAGi1UV3DvQ-DBYfqebdJeLzOzyFg7R/view?usp=sharing | ||
| 942 | _cAVM | ||
| 999 |
_c18541 _d18541 |
||